<?xml version="1.0" encoding="UTF-8"?>
<record
    xmlns:xsi="http://www.w3.org/2001/XMLSchema-instance"
    xsi:schemaLocation="http://www.loc.gov/MARC21/slim http://www.loc.gov/standards/marcxml/schema/MARC21slim.xsd"
    xmlns="http://www.loc.gov/MARC21/slim">

  <leader>08450nam a2200493Ii 4500</leader>
  <controlfield tag="001">DIGVISR0064</controlfield>
  <controlfield tag="003">NyNyDIG</controlfield>
  <controlfield tag="008">140616s1999    sp      ob    100 0 spa d</controlfield>
  <controlfield tag="006">m     o  d        </controlfield>
  <controlfield tag="007">cr |||||||||||</controlfield>
  <datafield tag="040" ind1=" " ind2=" ">
    <subfield code="a">DGITA</subfield>
    <subfield code="b">eng</subfield>
    <subfield code="e">rda</subfield>
    <subfield code="e">pn</subfield>
    <subfield code="c">DGITA</subfield>
  </datafield>
  <datafield tag="020" ind1=" " ind2=" ">
    <subfield code="z">8475228429</subfield>
  </datafield>
  <datafield tag="020" ind1=" " ind2=" ">
    <subfield code="z">9788475228426</subfield>
  </datafield>
  <datafield tag="035" ind1=" " ind2=" ">
    <subfield code="a">(OCoLC)654784357</subfield>
  </datafield>
  <datafield tag="043" ind1=" " ind2=" ">
    <subfield code="a">e-sp---</subfield>
  </datafield>
  <datafield tag="050" ind1="1" ind2="4">
    <subfield code="a">PQ6115 eBook</subfield>
  </datafield>
  <datafield tag="110" ind1="2" ind2=" ">
    <subfield code="a">Centro de Investigaci&#xF3;n de Semi&#xF3;tica Literaria, Teatral y Nuevas Tecnolog&#xED;as.</subfield>
    <subfield code="b">Seminario Internacional </subfield>
    <subfield code="n">(8th :</subfield>
    <subfield code="d">1998 :</subfield>
    <subfield code="c">Cuenca, Spain)</subfield>
  </datafield>
  <datafield tag="245" ind1="1" ind2="0">
    <subfield code="a">Teatro hist&#xF3;rico (1975-1998) :</subfield>
    <subfield code="b">textos y representaciones : actas del VIII Seminario Internacional del Instituto de Semi&#xF3;tica Literaria, Teatral y Nuevas Tecnolog&#xED;as de la UNED : Cuenca, UIMP, 25-28 de junio, 1998 /</subfield>
    <subfield code="c">Jos&#xE9; Romera Castillo y Francisco Guti&#xE9;rrez Carbajo (eds.).</subfield>
  </datafield>
  <datafield tag="246" ind1="3" ind2=" ">
    <subfield code="a">Actas del VIII Seminario Internacional del Instituto de Semi&#xF3;tica Literaria, Teatral y Nuevas Tecnolog&#xED;as de la UNED</subfield>
  </datafield>
  <datafield tag="246" ind1="3" ind2=" ">
    <subfield code="a">Actas del 8. Seminario Internacional del Instituto de Semi&#xF3;tica Literaria, Teatral y Nuevas Tecnolog&#xED;as de la UNED</subfield>
  </datafield>
  <datafield tag="246" ind1="3" ind2=" ">
    <subfield code="a">Actas del Octavo Seminario Internacional del Instituto de Semi&#xF3;tica Literaria, Teatral y Nuevas Tecnolog&#xED;as de la UNED</subfield>
  </datafield>
  <datafield tag="264" ind1=" " ind2="1">
    <subfield code="a">Madrid :</subfield>
    <subfield code="b">Visor Libros,</subfield>
    <subfield code="c">1999.</subfield>
  </datafield>
  <datafield tag="300" ind1=" " ind2=" ">
    <subfield code="a">1 online resource (753 pages).</subfield>
  </datafield>
  <datafield tag="336" ind1=" " ind2=" ">
    <subfield code="a">text</subfield>
    <subfield code="b">txt</subfield>
    <subfield code="2">rdacontent</subfield>
  </datafield>
  <datafield tag="337" ind1=" " ind2=" ">
    <subfield code="a">computer</subfield>
    <subfield code="b">c</subfield>
    <subfield code="2">rdamedia</subfield>
  </datafield>
  <datafield tag="338" ind1=" " ind2=" ">
    <subfield code="a">online resource</subfield>
    <subfield code="b">cr</subfield>
    <subfield code="2">rdacarrier</subfield>
  </datafield>
  <datafield tag="490" ind1="1" ind2=" ">
    <subfield code="a">Biblioteca filol&#xF3;gica hispana ;</subfield>
    <subfield code="v">42</subfield>
  </datafield>
  <datafield tag="504" ind1=" " ind2=" ">
    <subfield code="a">Includes bibliographical references.</subfield>
  </datafield>
  <datafield tag="505" ind1="0" ind2=" ">
    <subfield code="a">Presentaci&#xF3;n -- Sobre teatro hist&#xF3;rico actual / Jos&#xE9; Romera Castillo -- Mi teatro historicista (la interpretaci&#xF3;n hist&#xF3;rica en el teatro) / Jos&#xE9; Ma Rodr&#xED;guez M&#xE9;ndez -- El Barroco como espejo del presente en mi mundo creativo: influencias y desarrollo / Eduardo Gal&#xE1;n -- Teatro hist&#xF3;rico en Espa&#xF1;a (1975-1998) / C&#xE9;sar Oliva -- Teatro hist&#xF3;rico: la elecci&#xF3;n del g&#xE9;nero como clave de la escena espa&#xF1;ola contempor&#xE1;nea / Ma Francisca Vilches de Frutos -- Aproximaci&#xF3;n a una teor&#xED;a de la puesta en escena del teatro hist&#xF3;rico espa&#xF1;ol (1975-1998) / Beatriz Hernanz Angulo -- Bases te&#xF3;ricas para el estudio del teatro hist&#xF3;rico espa&#xF1;ol entre 1975 y 1998 / &#xC1;ngel Berenguer -- Teatro hist&#xF3;rico actual: Buero Vallejo y Alfonso Sastre / Mariano de Paco -- Sobre el teatro historicista (y dos nuevas obras) de Jos&#xE9; Mar&#xED;a Rodr&#xED;guez M&#xE9;ndez / Jos&#xE9; Romera Castillo -- La historia como recuperaci&#xF3;n y como mediaci&#xF3;n en el teatro de Domingo Miras / Virtudes Serrano -- Do&#xF1;a Elvira, imag&#xED;nate Euskadi, de Ignacio Amestoy: del pre-texto al texto definitivo / &#xC1;ngel-Raimundo Fern&#xE1;ndez -- El teatro hist&#xF3;rico escrito por mujeres (1975-1998) / Juan A / R&#xED;os Carratal&#xE1; -- Catalu&#xF1;a: textos y representaciones / Mar&#xED;a-Jos&#xE9; Ragu&#xE9;-Arias -- El documento hist&#xF3;rico como materia teatral / El caso del teatro catal&#xE1;n / Josep Llu&#xED;s Sirera -- El teatro hist&#xF3;rico latinoamericano como discurso e instrumento de apropiaci&#xF3;n de la historia / Juan Villegas -- Hern&#xE1;n Cort&#xE9;s y la conquista de M&#xE9;xico en el teatro de los noventa o la imposibilidad de dramatizar la Historia / Nel Diago -- Algunas adaptaciones f&#xED;lmicas de teatro hist&#xF3;rico (1975-1998) / Francisco Guti&#xE9;rrez Carbajo -- Acercamiento a la bibliograf&#xED;a y trayectoria literaria del teatro hist&#xF3;rico espa&#xF1;ol (1975-1998) / Isabel D&#xED;ez M&#xE9;nguez -- Fuentes y patrones en el teatro hist&#xF3;rico radical espa&#xF1;ol contempor&#xE1;neo: algunas consideraciones te&#xF3;ricas / Manuel P&#xE9;rez -- Teatro de la historia en la historia del teatro / Jos&#xE9; Garc&#xED;a Templado -- Los dramas hist&#xF3;ricos de Eduardo Gal&#xE1;n: La posada del Arenal y La amiga del Rey / Carlos Mata Indura&#xED;n -- El Barroco a trav&#xE9;s de La puta enamorada, de Chema Carde&#xF1;a / Francisco Reus Boyd-Swan -- La libertad esclava, de Mar&#xED;a Manuela Reina / Beatriz Patern&#xE1;in Miranda -- El distanciamiento hist&#xF3;rico y la cr&#xED;tica del poder (Reflexiones acerca de dos obras teatrales de A / Miralles y Schiller) / Margarita Almela -- </subfield>
  </datafield>
  <datafield tag="505" ind1="0" ind2=" ">
    <subfield code="a">Pedro La&#xED;n y Ferm&#xED;n Cabal: dos miradas ante El Empecinado / Antonio Jos&#xE9; Dom&#xED;nguez -- Y Mar&#xED;a tres veces amapola Mar&#xED;a (1998), de Maite Aguirre: una visi&#xF3;n del testimonio hist&#xF3;rico y existencial de Mar&#xED;a de la O Lej&#xE1;rraga (1874-1974) / Pilar Nieva de la Paz -- El tiempo, la historia y la memoria en Las bicicletas son para el verano, de Fernando Fern&#xE1;n-G&#xF3;mez / Ma Teresa Garc&#xED;a-Abad Garc&#xED;a -- Realidad hist&#xF3;rica, comicidad y cr&#xED;tica ir&#xF3;nica pol&#xED;tico-social en &#xA1;Ay, Carmela! / Blas S&#xE1;nchez Due&#xF1;as -- Una aproximaci&#xF3;n al estudio de las didascalias en &#xA1;Ay, Carmela! de Jos&#xE9; Sanchis Sinisterra / Jerelyn Johnson -- Visitas a la conquista de Am&#xE9;rica: la Trilog&#xED;a americana, de Jos&#xE9; Sinisterra / Jos&#xE9; Vicente Peir&#xF3; -- Cambio 16 (1975-1978): repercusiones del teatro hist&#xF3;rico en la prensa durante el per&#xED;odo de transici&#xF3;n pre-constitucional / Francisco Ernesto Puertas Moya -- La representaci&#xF3;n de Los milagros de Santo Domingo de la Calzada (1993-1997) / Juli&#xE1;n Bravo Vega -- Representaciones de El se&#xF1;or de Bembibre (1977-1988): teatro, historia e identidad social / Helena Fidalgo Robleda -- Teatro como representaci&#xF3;n: Mariana Pineda a la italiana / Coral Garc&#xED;a -- Alejandro Soler: la primera puesta en escena de Quien te ha visto y quien te ve y sombra de lo que eras / Juana Ma Balsalobre Garc&#xED;a -- Representaciones de teatro hist&#xF3;rico en Albacete (1983-1998) / Emilia Ochando Madrigal -- Teatro hist&#xF3;rico y renovaci&#xF3;n teatral: el camino hacia la polifon&#xED;a esc&#xE9;nica / &#xD3;scar Cornago Bernal -- Sobre La Sermana Tr&#xE0;gica y Cam&#xED; de nit, 1854 de Llu&#xED;s Pasqual / Marta Prun&#xE9;s -- Cicle de teatre a Granollers (Puesta en escena del teatro hist&#xF3;rico desde 1975 hasta hoy) / Trinidad Barbero Reviejo -- Gernika y El Guernica en el teatro / Pedro Barea -- Anacronismo, panfleto y poes&#xED;a en el teatro hist&#xF3;rico vasco del postfranquismo / Patricio Urquizu -- El teatro durante la Transici&#xF3;n en el Pa&#xED;s Vasco: el tardofranquismo grotesco en Bilbao, Bilbao / Loreta de Stasio -- Panorama del teatro hist&#xF3;rico en Arag&#xF3;n desde 1975: Rey Sancho y Goya, dos puestas en escena de Alfonso Plou / Mariano Gracia Rubio -- &#xC1;ngel Camacho en el teatro canario actual / Elena Guadalupe Recinos Campos -- La m&#xE1;quina Hamlet de Heiner M&#xFC;ller: del texto a la escena / Joaquina Canoa Galiana -- El teatro hist&#xF3;rico franc&#xE9;s y su representaci&#xF3;n en Espa&#xF1;a / Mar&#xED;a Pilar Su&#xE1;rez -- Historia, espect&#xE1;culo e internacionalismo en la vanguardia contempor&#xE1;nea: la recepci&#xF3;n espa&#xF1;ola de Hiroshima (Les sept branches de la rivi&#xE8;re Ota), de Robert Lepage / Ana Isabel Romero Sire -- Brancusi contra los Estados Unidos: un juicio hist&#xF3;rico o el arte moderno al servicio de la escena / Encarnaci&#xF3; Medina Arjona -- Anacaona. Historia de un genocidio olvidado / Mar&#xED;a Isabel Blanco Barros -- Interpretaci&#xF3;n de Dar&#xED;o Fo en el Misterio Bufo: el actor y el hombre en la historia / Javier Tonda Mena -- La otra mitad del Nobel de Literatura. El compromiso pol&#xED;tico en el teatro de Franca Rame / Flavia Cartoni -- La utilizaci&#xF3;n del teatro hist&#xF3;rico como elemento de experimentaci&#xF3;n teatral e intervenci&#xF3;n pol&#xED;tica en la producci&#xF3;n dram&#xE1;tica de Caryl Churchill / Jos&#xE9; Ram&#xF3;n Prado P&#xE9;rez -- El teatro hist&#xF3;rico de Shakespeare en el cine / Emilia Cort&#xE9;s Ib&#xE1;&#xF1;ez -- Los dramas de la hiperidentidad nacional. El teatro hist&#xF3;rico portugu&#xE9;s entre revoluci&#xF3;n y restauraci&#xF3;n / Orlando Grossegesse.</subfield>
  </datafield>
  <datafield tag="588" ind1="0" ind2=" ">
    <subfield code="a">Online resource; title from ePub and PDF title page (Digitalia, viewed June 20, 2014)</subfield>
  </datafield>
  <datafield tag="650" ind1=" " ind2="0">
    <subfield code="a">Spanish drama</subfield>
    <subfield code="y">20th century</subfield>
    <subfield code="x">History and criticism.</subfield>
  </datafield>
  <datafield tag="650" ind1=" " ind2="0">
    <subfield code="a">Theater</subfield>
    <subfield code="z">Spain</subfield>
    <subfield code="x">History</subfield>
    <subfield code="y">20th century.</subfield>
  </datafield>
  <datafield tag="655" ind1=" " ind2="0">
    <subfield code="a">Electronic books.</subfield>
  </datafield>
  <datafield tag="700" ind1="1" ind2=" ">
    <subfield code="a">Romera Castillo, Jos&#xE9;,</subfield>
    <subfield code="d">1946-</subfield>
    <subfield code="e">editor.</subfield>
  </datafield>
  <datafield tag="700" ind1="1" ind2=" ">
    <subfield code="a">Guti&#xE9;rrez Carbajo, Francisco,</subfield>
    <subfield code="d">1946-</subfield>
    <subfield code="e">editor.</subfield>
  </datafield>
  <datafield tag="791" ind1="2" ind2=" ">
    <subfield code="a">Digitalia (Firm),</subfield>
    <subfield code="e">distributor.</subfield>
  </datafield>
  <datafield tag="793" ind1="0" ind2=" ">
    <subfield code="g">Digitalia eBook Collection:</subfield>
    <subfield code="a">Visor Libros.</subfield>
  </datafield>
  <datafield tag="776" ind1="0" ind2="8">
    <subfield code="i">Print version:</subfield>
    <subfield code="a">Centro de Investigaci&#xF3;n de Semi&#xF3;tica Literaria, Teatral y Nuevas Tecnolog&#xED;as. Seminario Internacional (8th : 1998 : Cuenca, Spain).</subfield>
    <subfield code="t">Teatro hist&#xF3;rico, 1975-1998.</subfield>
    <subfield code="d">Madrid : Visor Libros, 1999</subfield>
    <subfield code="z">8475228429</subfield>
    <subfield code="w">(DLC)   99531415</subfield>
    <subfield code="w">(OCoLC)45276611</subfield>
  </datafield>
  <datafield tag="830" ind1=" " ind2="0">
    <subfield code="a">Biblioteca filol&#xF3;gica hispana ;</subfield>
    <subfield code="v">42.</subfield>
  </datafield>
  <datafield tag="856" ind1="4" ind2="0">
    <subfield code="3">Digitalia Hisp&#xE1;nica</subfield>
    <subfield code="u">https://www.digitaliapublishing.com/a/28171/</subfield>
  </datafield>
  <datafield tag="910" ind1=" " ind2=" ">
    <subfield code="a">Premium Collection: 2014</subfield>
  </datafield>
  <datafield tag="942" ind1=" " ind2=" ">
    <subfield code="c">RAA</subfield>
  </datafield>
  <datafield tag="952" ind1=" " ind2=" ">
    <subfield code="0">0</subfield>
    <subfield code="1">0</subfield>
    <subfield code="4">0</subfield>
    <subfield code="7">0</subfield>
    <subfield code="8">DEH</subfield>
    <subfield code="a">BD-UIN</subfield>
    <subfield code="b">BD-UIN</subfield>
    <subfield code="d">2025-04-25</subfield>
    <subfield code="l">0</subfield>
    <subfield code="r">2025-04-25</subfield>
    <subfield code="w">2025-04-25</subfield>
    <subfield code="y">RAA</subfield>
  </datafield>
  <datafield tag="999" ind1=" " ind2=" ">
    <subfield code="c">239131</subfield>
    <subfield code="d">239131</subfield>
  </datafield>
</record>
